Venedig 1177 - Wende der Barbarossazeit?: Zur Einführung

Saved in:
Bibliographic Details
Main Author: Weinfurter, Stefan (Author)
Format: Chapter/Article
Language:German
Published: 2002
In: Stauferreich im Wandel
Year: 2002, Pages: 9-25
Online Access: Get full text
Author Notes:Stefan Weinfurter

MARC

LEADER 00000caa a22000002c 4500
001 1446357724
003 DE-627
005 20220810210357.0
007 tu
008 121213s2002 xx ||||| 00| ||ger c
035 |a (DE-627)1446357724 
035 |a (DE-576)37635772X 
035 |a (DE-599)BSZ37635772X 
035 |a (OCoLC)1340457154 
040 |a DE-627  |b ger  |c DE-627  |e rakwb 
041 |a ger 
084 |a 63  |2 sdnb 
100 1 |a Weinfurter, Stefan  |d 1945-2018  |0 (DE-588)121611892  |0 (DE-627)081421567  |0 (DE-576)163509956  |4 aut 
245 1 0 |a Venedig 1177 - Wende der Barbarossazeit?  |b Zur Einführung  |c Stefan Weinfurter 
264 1 |c 2002 
300 |a 17 
336 |a Text  |b txt  |2 rdacontent 
337 |a ohne Hilfsmittel zu benutzen  |b n  |2 rdamedia 
338 |a Band  |b nc  |2 rdacarrier 
773 0 8 |i In  |t Stauferreich im Wandel  |d Stuttgart : Thorbecke, 2002  |g (2002), Seite 9-25  |h 349 S.  |w (DE-627)338801901  |w (DE-576)096409347  |z 3799542604  |7 nnam  |a Venedig 1177 - Wende der Barbarossazeit? Zur Einführung 
773 1 8 |g year:2002  |g pages:9-25  |g extent:17  |a Venedig 1177 - Wende der Barbarossazeit? Zur Einführung 
951 |a AR 
992 |a 20121213 
993 |a BookComponentPart 
994 |a 2002 
998 |g 121611892  |a Weinfurter, Stefan  |m 121611892:Weinfurter, Stefan  |d 70000  |d 72000  |d 72020  |e 70000PW121611892  |e 72000PW121611892  |e 72020PW121611892  |k 0/70000/  |k 1/70000/72000/  |k 2/70000/72000/72020/  |p 1  |x j  |y j 
999 |a KXP-PPN1446357724  |e 2733218697 
BIB |a Y 
JSO |a {"title":[{"title_sort":"Venedig 1177 - Wende der Barbarossazeit?","title":"Venedig 1177 - Wende der Barbarossazeit?","subtitle":"Zur Einführung"}],"id":{"eki":["1446357724"]},"person":[{"family":"Weinfurter","given":"Stefan","role":"aut","display":"Weinfurter, Stefan"}],"type":{"bibl":"chapter"},"relHost":[{"title":[{"subtitle":"Ordnungsvorstellungen und Politik in der Zeit Friedrich Barbarossas","title_sort":"Stauferreich im Wandel","title":"Stauferreich im Wandel"}],"person":[{"family":"Weinfurter","given":"Stefan","role":"edt","display":"Weinfurter, Stefan"}],"id":{"isbn":["3799542604"],"eki":["338801901"]},"type":{"bibl":"edited-book"},"name":{"displayForm":["hrsg. von Stefan Weinfurter"]},"relMultPart":[{"recId":"241396301","pubHistory":["1.1997 -"],"origin":[{"publisherPlace":"Ostfildern ; Sigmaringen ; Stuttgart","dateIssuedKey":"1997","publisher":"Thorbecke ; Thorbecke ; Thorbecke","dateIssuedDisp":"1997-"}],"dispAlt":"Mittelalter-Forschungen","language":["ger"],"titleAlt":[{"title":"MF"}],"type":{"bibl":"serial"},"person":[{"given":"Bernd","role":"edt","display":"Schneidmüller, Bernd","family":"Schneidmüller"},{"family":"Weinfurter","role":"edt","display":"Weinfurter, Stefan","given":"Stefan"}],"id":{"zdb":["1418292-0"],"eki":["241396301"]},"title":[{"title_sort":"Mittelalter-Forschungen","title":"Mittelalter-Forschungen"}],"disp":"Mittelalter-Forschungen","part":{"number":["9"],"number_sort":["9"]}}],"part":{"extent":"17","pages":"9-25","year":"2002","text":"(2002), Seite 9-25"},"disp":"Venedig 1177 - Wende der Barbarossazeit? Zur EinführungStauferreich im Wandel","recId":"338801901","physDesc":[{"noteIll":"Ill.","extent":"349 S.","noteFormat":"24 cm"}],"language":["ger"],"origin":[{"publisher":"Thorbecke","dateIssuedDisp":"2002","publisherPlace":"Stuttgart","dateIssuedKey":"2002"}],"note":["Literaturangaben"]}],"name":{"displayForm":["Stefan Weinfurter"]},"recId":"1446357724","physDesc":[{"extent":"17 S."}],"language":["ger"],"origin":[{"dateIssuedKey":"2002","dateIssuedDisp":"2002"}]} 
SRT |a WEINFURTERVENEDIG1172002